000 01083nam a22002537a 4500
005 20170124102955.0
010 _aA-971566
020 _c175.00
035 _aA-971566
037 _bCen Lib/Ret
040 _aDPL
_bHN
082 _a
_bगोयल
100 _aगोयल, सुरेन्द्र कृष्ण
_952822
245 _aएक और सत्यगृह :
_cसुरेन्द्र कृष्ण गोयल
_bकहानी संग्रह /
246 _aEk aur satyagrah : kahani sangrah /
_bby Surendra Krishna Goel
260 _aनयी दिल्ली
_bकृष्णा साहित्य सदन
_c2000
270 _bनयी दिल्ली
_a263/2, महरौली
_e110030
300 _a160पृ.:
_c21सेमी (सजिल्द)
_bसचित्र
650 _aहिन्दी साहित्य
_952823
650 _aकहानी संग्रह
_952824
650 _aHindi literature
_952825
650 _aStory collection
_952826
942 _2ddc
_cHN
_h
_mगोयल
999 _c113565
_d113565